| 000 | 02201 a2200193 4500 | ||
|---|---|---|---|
| 003 | Nust | ||
| 005 | 20170207154457.0 | ||
| 020 | _a 0735626707 | ||
| 040 | _cNust | ||
| 082 | _a 005.133 | ||
| 100 | _a Sharp, John, | ||
| 245 |
_a Microsoft Visual C# 2010 step by step (E-Book) _cJohn Sharp |
||
| 246 | _aVisual C# 2010 step by step | ||
| 260 |
_aRedmond, Wash. _bMicrosoft Press _cc2010. |
||
| 300 | _axxx,781p; | ||
| 505 | _a Pt.1. Introducing Microsoft Visual C# and Microsoft Visual Studio 2010. Welcome to C# (Page-3)--Working with variables, operators, and expressions (Page-27) -- Writing methods and applying scope (Page-47)--Using decision statements (Page-73)--Using compound assignment and iteration statements (Page-91)--Managing errors and exceptions (Page-109)--Pt. 2. Understanding the C# language. Creating and managing classes and objects (Page-129)--Understanding values and references(Page-151)--Creating value types with enumerations and structures (Page-173)--Using arrays and collections (Page-191)--Understanding parameter arrays (Page-219)--Working with inheritance (Page-231)--Creating interfaces and defining abstract classes (Page-253)--Using garbage collection and resource management (Page-279--Pt. 3. Creating compounds. Implementing properties to access fields (Page-295)--Using indexers (Page-315)--Interrupting program flow and handling events(Page-329)--Introducing generics (Page-253)--Enumerating collections (Page-381)--Querying in-memory data by using query expressions (Page-395)--Operator overloading (Page-419)--Pt. 4. Building Windows presentation foundation applications. Introducing Windows presentation foundation (Page-443)--Gathering user input (Page-477)--Performing validation (Page-509)--Pt. 5. Managing data. Querying information in a database (Page-535)--Displaying and editing data by using the entity framework and data binding (Page-565)--Pt. 6. Building professional solutions with Visual Studio 2010. Introducing the task parallel library (Page-599)--Performing parallel data access (Page-649)--Creating and using a web service (Page-683)--Appendix: Interoperating with dynamic languages (Page-717). | ||
| 538 | _aE-Book | ||
| 651 | _a(E-Book) | ||
| 942 |
_2ddc _cBK |
||
| 999 |
_c197893 _d197893 |
||